000 00969nam a2200277 a 4500
001 BRCA_1441
005 20190320203429.0
008 250805s1989-------a---f##---#001-0#spa-#
020 _a0500014736
050 4 _aTS1357
_b.E54 1989
245 1 0 _aEnglish and American Textiles
_bfrom 1790 to the present
_cMary Schoeser, Celia Rufey.
260 _aLondres
_bThames and Hudson
_c1989.
300 _a256 p.
_bil. (algunas a color)
_c30 cm.
500 _aIncluye índice analítico y apéndice
504 _aBibliografía : 244-247
650 1 4 _aTelas
_xHistoria
_y1790-
_zGran Bretaña
_94715
650 1 4 _aTelas
_xHistoria
_y1790-
_zEstados Unidos
_94716
650 1 4 _aDiseño textil
_94717
650 1 4 _aGran Bretaña
_94718
650 1 4 _aHistoria
_y1790
_94719
650 1 4 _aDiseño textil
_xHistoria
_y1790
_zEstados Unidos
_94720
650 1 4 _aTelas en decoracion de interiores
_94721
700 1 _aRufey, Celia
_94722
700 1 _aSchoeser, Mary
_94723
942 _2lcc
_cB
999 _c1303
_d1303